MARC details
| 000 -LEADER |
| campo de control de longitud fija |
02982cam a2200457 i 4500 |
| 001 - NÚMERO DE CONTROL |
| campo de control |
18481036 |
| 003 - IDENTIFICADOR DE NÚMERO DE CONTROL |
| campo de control |
BJBSDDR |
| 005 - FECHA Y HORA DE LA ÚLTIMA TRANSACCIÓN |
| campo de control |
20230411090602.0 |
| 007 - CAMPO FIJO DE DESCRIPCIÓN FÍSICA--INFORMACIÓN GENERAL |
| campo de control de longitud fija |
ta |
| 008 - DATOS DE LONGITUD FIJA--INFORMACIÓN GENERAL |
| campo de control de longitud fija |
150205s2015 enk b 001 0 eng |
| 010 ## - NÚMERO DE CONTROL DE LA BIBLIOTECA DEL CONGRESO |
| Número de control de LC |
2015002342 |
| 020 ## - NÚMERO INTERNACIONAL ESTÁNDAR DEL LIBRO |
| Número Internacional Estándar del Libro |
9781137375933 (hardback) |
| 020 ## - NÚMERO INTERNACIONAL ESTÁNDAR DEL LIBRO |
| Número Internacional Estándar del Libro |
1137375930 (hardback) |
| 040 ## - FUENTE DE CATALOGACIÓN |
| Centro catalogador/agencia de origen |
DLC |
| Lengua de catalogación |
spa |
| Centro/agencia transcriptor |
DLC |
| Normas de descripción |
rda |
| Centro/agencia modificador |
DLC |
| 041 ## - CÓDIGO DE IDIOMA |
| Código de lengua del texto/banda sonora o título independiente |
eng |
| 042 ## - CÓDIGO DE AUTENTICACIÓN |
| Código de autenticación |
pcc |
| 050 00 - SIGNATURA TOPOGRÁFICA DE LA BIBLIOTECA DEL CONGRESO |
| Número de clasificación |
HD 6270 |
| Número de ítem |
V879g 2015 |
| 082 00 - NÚMERO DE LA CLASIFICACIÓN DECIMAL DEWEY |
| Número de clasificación |
331.3/41370973 |
| Número de edición |
23 |
| 100 1# - ENTRADA PRINCIPAL--NOMBRE DE PERSONA |
| Nombre de persona |
Vogel, Peter |
| 9 (RLIN) |
8650 |
| 245 10 - MENCIÓN DEL TÍTULO |
| Título |
Generation jobless? : |
| Resto del título |
turning the youth unemployment crisis into opportunity / |
| Mención de responsabilidad, etc. |
Peter Vogel. |
| 264 #1 - PRODUCCIÓN, PUBLICACIÓN, DISTRIBUCIÓN, FABRICACIÓN Y COPYRIGHT |
| Producción, publicación, distribución, fabricación y copyright |
Houndsmills, Basingstoke, Hampshire ; |
| -- |
New York, NY : |
| Nombre del de productor, editor, distribuidor, fabricante |
Palgrave Macmillan, |
| Fecha de producción, publicación, distribución, fabricación o copyright |
2015. |
| 300 ## - DESCRIPCIÓN FÍSICA |
| Extensión |
xxiii, 253 pages ; |
| Dimensiones |
23 cm |
| 336 ## - TIPO DE CONTENIDO |
| Término de tipo de contenido |
text |
| Fuente |
rdacontent |
| 337 ## - TIPO DE MEDIO |
| Nombre/término del tipo de medio |
unmediated |
| Fuente |
rdamedia |
| 338 ## - TIPO DE SOPORTE |
| Nombre/término del tipo de soporte |
volume |
| Fuente |
rdacarrier |
| 504 ## - NOTA DE BIBLIOGRAFÍA, ETC. |
| Nota de bibliografía, etc. |
Includes bibliographical references (pages 234 -243) and index. |
| 505 ## - NOTA DE CONTENIDO CON FORMATO |
| Nota de contenido con formato |
Machine generated contents note: --<br/>Foreword --<br/>PART I: YOUTH UNEMPLOYMENT --<br/>BACKGROUND AND OUTLOOK --<br/>1. The Youth Unemployment Crisis and the Threat of a 'Generation Jobless' --<br/>2. Milennials and Digital Natives --<br/>3. Trends and Outlook --<br/>PART II: FROM CRISIS TO OPPORTUNITY --<br/>4. Entrepreneurship: Turning Job Seekers into Job Creators --<br/>5. Addressing the Gap Between the Education System and the Labor Market --<br/>6. Employers' Contribution to Tackling Youth Unemployment --<br/>7. Designing Active Labor Market Policies To Tackle Youth Unemployment --<br/>8. More Solutions --<br/>9. Building Multi-Stakeholder Solutions for Youth Unemployment --<br/>Afterword |
| 520 ## - RESUMEN, ETC. |
| Sumario, etc. |
"Generation Jobless? uniquely explores the characteristics of both today's and tomorrow's youth and the causes of the youth unemployment crisis. The book takes a global, multi-stakeholder perspective to showcase proven solutions to tackle the crisis. Featuring interviews and input from business leaders, policy makers, educators, entrepreneurs and the Next Generation itself, it offers a positive and constructive look at change by directing each group to become part of the solution and in particular youth to take on responsibility for themselves and their peers by turning into job creators rather than job seekers. #generationjobless"-- |
| Fuente proveedora |
Provided by publisher. |
| 650 #0 - PUNTO DE ACCESO ADICIONAL DE MATERIA--TÉRMINO DE MATERIA |
| Término de materia o nombre geográfico como elemento de entrada |
Youth |
| Subdivisión general |
Employment. |
| 650 #0 - PUNTO DE ACCESO ADICIONAL DE MATERIA--TÉRMINO DE MATERIA |
| Término de materia o nombre geográfico como elemento de entrada |
Labor market. |
| 650 #0 - PUNTO DE ACCESO ADICIONAL DE MATERIA--TÉRMINO DE MATERIA |
| Término de materia o nombre geográfico como elemento de entrada |
Entrepreneurship. |
| 650 #0 - PUNTO DE ACCESO ADICIONAL DE MATERIA--TÉRMINO DE MATERIA |
| Término de materia o nombre geográfico como elemento de entrada |
Manpower policy. |
| 650 #4 - PUNTO DE ACCESO ADICIONAL DE MATERIA--TÉRMINO DE MATERIA |
| Término de materia o nombre geográfico como elemento de entrada |
Mercados de trabajo |
| 9 (RLIN) |
2234 |
| 650 #4 - PUNTO DE ACCESO ADICIONAL DE MATERIA--TÉRMINO DE MATERIA |
| Término de materia o nombre geográfico como elemento de entrada |
Juventud |
| 9 (RLIN) |
10391 |
| Subdivisión general |
Empleo |
| 650 #4 - PUNTO DE ACCESO ADICIONAL DE MATERIA--TÉRMINO DE MATERIA |
| Término de materia o nombre geográfico como elemento de entrada |
Política de mano de obra |
| 9 (RLIN) |
317 |
| 650 #4 - PUNTO DE ACCESO ADICIONAL DE MATERIA--TÉRMINO DE MATERIA |
| Término de materia o nombre geográfico como elemento de entrada |
Emprendimiento |
| 9 (RLIN) |
381 |
| 856 42 - LOCALIZACIÓN Y ACCESO ELECTRÓNICOS |
| Materiales especificados |
Cover image |
| Identificador Uniforme de Recursos |
<a href="http://www.netread.com/jcusers2/bk1388/933/9781137375933/image/lgcover.9781137375933.jpg">http://www.netread.com/jcusers2/bk1388/933/9781137375933/image/lgcover.9781137375933.jpg</a> |
| 906 ## - ELEMENTOS DE DATOS F LOCAL, LDF (RLIN) |
| a |
7 |
| b |
cbc |
| c |
orignew |
| d |
1 |
| e |
ecip |
| f |
20 |
| g |
y-gencatlg |
| 942 ## - ELEMENTOS DE ENTRADA SECUNDARIOS (KOHA) |
| Fuente del sistema de clasificación o colocación |
Clasificación de Library of Congress |
| Tipo de ítem Koha |
Libro |